Death can be cured: (Record no. 27297)

MARC details
000 -LEADER
fixed length control field 00947naa a2200253 4500
005 - DATE AND TIME OF LATEST TRANSACTION
control field 20090606134452.0
008 - FIXED-LENGTH DATA ELEMENTS--GENERAL INFORMATION
fixed length control field 090606t xxu||||| |||| 00| 0 eng d
010 ## - LCCN (DPL NO)
LC control number ENG-93928
020 ## - INTERNATIONAL STANDARD BOOK NUMBER
Terms of availability 250.00
International Standard Book Number 9788189632236
020 ## - INTERNATIONAL STANDARD BOOK NUMBER
Terms of availability 250.00
International Standard Book Number 818963223X
035 ## - SYSTEM CONTROL NUMBER
System control number EN-77461
037 ## - SOURCE OF ACQUISITION
Source of stock number/acquisition DBAD / PUB
040 ## - CATALOGING SOURCE
Original cataloging agency dpl
Language of cataloging English
082 ## - DEWEY DECIMAL CLASSIFICATION NUMBER
Classification number 616.002
100 ## - MAIN ENTRY--PERSONAL NAME
Personal name Dobson, Roger
245 ## - TITLE STATEMENT
Title Death can be cured:
Statement of responsibility, etc by Roger Dobson
Remainder of title and 99 other medical hypotheses /
260 ## - PUBLICATION, DISTRIBUTION, ETC. (IMPRINT)
Place of publication, distribution, etc New Delhi
Name of publisher, distributor, etc Stanza
Date of publication, distribution, etc 2008
270 ## - ADDRESS
Address 22-C, Pocket-C Siddhartha Extension
City New Delhi
Postal code 110014
300 ## - PHYSICAL DESCRIPTION
Extent xiii, 208p.
Dimensions 21cm(pbk)
500 ## - GENERAL NOTE
General note Includes bibliograpgical refrences
650 ## - SUBJECT ADDED ENTRY--TOPICAL TERM
Topical term or geographic name as entry element Health
Form subdivision Miscellanea
942 ## - ADDED ENTRY ELEMENTS (KOHA)
Institution code [OBSOLETE] dpl
Item type English Books
Source of classification or shelving scheme Dewey Decimal Classification
Call number suffix DOB
Classification part 616.002
Holdings
Withdrawn status Lost status Source of classification or shelving scheme Damaged status Not for loan Collection code Home library Current library Date acquired Source of acquisition Cost, normal purchase price Total Checkouts Full call number Barcode Date last seen Copy number Cost, replacement price Koha item type
    Dewey Decimal Classification   Not For Loan Non-fiction D.B.Act.Division D.B.Act.Division 06/06/2009 DBAD / PUB 250.00   616.002 DOB EN-77461 06/06/2009 1 250.00 English Books

© Delhi Public Library
Hit Counter
free hit counter